| 000 | 00351nam a2200133Ia 4500 | ||
|---|---|---|---|
| 005 | 20260326100034.0 | ||
| 008 | 260326s9999||||xx |||||||||||||| ||und|| | ||
| 100 | _aDeffis Caso, Armando | ||
| 245 | 0 |
_aEcoturismo : _b Categoría 5 estrellas / _cArmando Deffis Caso |
|
| 260 | _bÁrbol | ||
| 300 | _a297 p. | ||
| 650 | _aARQUITECTURA Y CLIMA | ||
| 942 | _cBK | ||
| 999 |
_c6717 _d6717 |
||